[Event "IV Weekend Scacchi tra le Torri A"]
[Site "Melegnano ITA"]
[Date "2005.02.27"]
[Round "5"]
[White "Stroppa, Daniel"]
[Black "Pelizzola, Danilo"]
[Result "1-0"]
[WhiteElo "2225"]
[BlackElo "2065"]
[PlyCount "93"]
[EventDate "2005.02.25"]

1. g3 c5 2. Bg2 Nc6 3. Nf3 Nf6 4. O-O e5 5. d3 Be7 6. c4 O-O 7. Nc3 d5 8. cxd5
Nxd5 9. Nxe5 Nxc3 10. Nxc6 Nxd1 11. Nxd8 Nxf2 12. Nxb7 Nh3+ 13. Kh1 Rb8 14. Na5
Bf6 15. Nc4 Bg4 16. Bf3 Be6 17. Rb1 Ng5 18. Bg2 Bg4 19. Re1 Rfe8 20. Bf4 Rb4
21. h4 Nh3 22. Bd2 Rxc4 23. dxc4 Nf2+ 24. Kg1 Ne4 25. Bf4 a5 26. Bf3 Bc8 27.
Kg2 h6 28. h5 g5 29. hxg6 fxg6 30. Red1 Kg7 31. Bd2 a4 32. Be1 h5 33. b4 axb3
34. Rxb3 Ng5 35. Bf2 Nxf3 36. exf3 Re2 37. Rb8 Be6 38. Re1 Rxa2 39. Rxe6 Bd4
40. Rb7+ Kh6 41. Rbb6 Rxf2+ 42. Kh3 Rxf3 43. Rxg6+ Kh7 44. Rh6+ Kg7 45. Rxh5
Rc3 46. Rd5 Rxc4 47. Rd7+ 1-0

[Event "IV Weekend Scacchi tra le Torri A"]
[Site "Melegnano ITA"]
[Date "2005.02.27"]
[Round "5"]
[White "Vincenzi, Marco"]
[Black "Farachi, Francesco"]
[Result "1/2-1/2"]
[WhiteElo "2027"]
[BlackElo "2104"]
[PlyCount "24"]
[EventDate "2005.02.25"]

1. e4 c5 2. Nf3 Nc6 3. d4 cxd4 4. Nxd4 Nf6 5. Nc3 e5 6. Ndb5 d6 7. Bg5 a6 8.
Na3 b5 9. Bxf6 gxf6 10. Nd5 f5 11. Nxb5 axb5 12. Bxb5 Bb7 1/2-1/2

[Event "Weekend A Epifania"]
[Site "Torino ITA"]
[Date "2005.01.??"]
[Round "2"]
[White "Astengo, Marcello"]
[Black "Venturino, Marco"]
[Result "1-0"]
[WhiteElo "2074"]
[BlackElo "2174"]
[PlyCount "57"]
[EventDate "2005.01.05"]

1. d4 f5 2. e4 fxe4 3. Nc3 Nf6 4. Bg5 g6 5. Bc4 Nc6 6. f3 e3 7. f4 Na5 8. Bd3
d5 9. f5 h6 10. Bh4 Bg7 11. fxg6 Bg4 12. Qc1 Nc6 13. h3 Be6 14. Nf3 Qd7 15.
Qxe3 O-O-O 16. Ne2 Bf5 17. Nf4 Nb4 18. O-O Bxd3 19. Ne5 Qb5 20. cxd3 Nc2 21.
Qg3 Nxa1 22. Ne6 Qb6 23. Nxg7 Qxd4+ 24. Kh1 Nh5 25. Nxh5 Rhf8 26. Rxf8 Rxf8 27.
Qg4+ Qxg4 28. Nxg4 Kd7 29. g7 1-0

[Event "Weekend A Epifania"]
[Site "Torino ITA"]
[Date "2005.01.??"]
[Round "2"]
[White "Muscato, Alessandro"]
[Black "Napoli, Claudio"]
[Result "1-0"]
[WhiteElo "1874"]
[BlackElo "1760"]
[PlyCount "73"]
[EventDate "2005.01.05"]

1. e4 d6 2. Bc4 Nf6 3. Nc3 c6 4. d4 Qa5 5. Bd2 Qb6 6. Bc1 Qb4 7. Qd3 d5 8. exd5
cxd5 9. Bb5+ Nc6 10. a3 Qa5 11. Nf3 e6 12. Ne5 Qc7 13. Bg5 Be7 14. f3 O-O 15.
Bxc6 bxc6 16. h4 c5 17. Nb5 Qb8 18. Nc6 Qg3+ 19. Kf1 Ba6 20. Rh3 Bxb5 21. Nxe7+
Kh8 22. Rxg3 Bxd3+ 23. cxd3 Nh5 24. Rh3 cxd4 25. Rc1 Rfe8 26. Rc7 f6 27. g4
fxg5 28. gxh5 g4 29. fxg4 Rf8+ 30. Ke2 Rf4 31. g5 Raf8 32. Rh2 a5 33. h6 Rb8
34. hxg7+ Kxg7 35. Nc6+ Rf7 36. Rxf7+ Kxf7 37. Rf2+ 1-0

[Event "Weekend A Epifania"]
[Site "Torino ITA"]
[Date "2005.01.??"]
[Round "2"]
[White "Nardelli, Marco"]
[Black "Diana, Riccardo"]
[Result "1-0"]
[WhiteElo "2031"]
[BlackElo "2102"]
[PlyCount "47"]
[EventDate "2005.01.05"]

1. e4 e5 2. Nf3 Nf6 3. Nxe5 d6 4. Nf3 Nxe4 5. d4 d5 6. Bd3 Bd6 7. O-O O-O 8. c4
c6 9. Qc2 Bf5 10. Nc3 Na6 11. a3 Re8 12. Re1 Bg4 13. Ne5 Bxe5 14. dxe5 Rxe5 15.
f3 Rh5 16. Bxe4 dxe4 17. fxg4 Qh4 18. g3 Qxg4 19. Qxe4 Qd7 20. Qe7 Qd4+ 21. Be3
Qxc4 22. Bxa7 h6 23. Bf2 Nc5 24. Qe2 1-0

[Event "Weekend A Epifania"]
[Site "Torino ITA"]
[Date "2005.01.??"]
[Round "2"]
[White "Pulito, Alberto"]
[Black "Malano, Francesco"]
[Result "1-0"]
[WhiteElo "2158"]
[BlackElo "2029"]
[PlyCount "67"]
[EventDate "2005.01.05"]

1. e4 c5 2. c3 Nf6 3. e5 Nd5 4. d4 cxd4 5. Nf3 e6 6. cxd4 b6 7. Nc3 Nxc3 8.
bxc3 Qc7 9. Bd2 Bb7 10. Bd3 d6 11. O-O Nd7 12. Re1 dxe5 13. Nxe5 Nxe5 14. Rxe5
Be7 15. Qg4 O-O 16. Qh3 g6 17. Qh6 Bd6 18. Ree1 Rfe8 19. Qh4 Rad8 20. Rad1 Bd5
21. Bb5 Bc6 22. Bxc6 Qxc6 23. Bg5 Rc8 24. Re3 Qd7 25. Rh3 f5 26. Re3 Be7 27.
Rde1 Bxg5 28. Qxg5 Qf7 29. h4 Kg7 30. Qf4 Qd7 31. h5 Rc6 32. hxg6 hxg6 33. Rh3
Rh8 34. Qe5+ 1-0

[Event "Weekend A Epifania"]
[Site "Torino ITA"]
[Date "2005.01.??"]
[Round "3"]
[White "Faraoni, Enrico"]
[Black "Fassio, Luca"]
[Result "0-1"]
[WhiteElo "2134"]
[BlackElo "2077"]
[PlyCount "58"]
[EventDate "2005.01.05"]

1. e4 g6 2. d4 Bg7 3. Nc3 d6 4. f4 c6 5. Be3 Qb6 6. Qd2 Qxb2 7. Rb1 Qa3 8. Nf3
e6 9. Bd3 Ne7 10. O-O Qa5 11. f5 exf5 12. Bg5 Qc7 13. exf5 Nxf5 14. Rbe1+ Be6
15. Bxf5 gxf5 16. Bh6 Bxh6 17. Qxh6 Nd7 18. Rxe6+ fxe6 19. Qxe6+ Kd8 20. Ng5
Qa5 21. Rf3 Kc7 22. Nf7 Qb4 23. Rd3 Rhe8 24. Qxf5 Re7 25. a3 Qc4 26. Nxd6 Qe6
27. Qf4 Qe1+ 28. Qf1 Qxf1+ 29. Kxf1 Rf8+ 0-1

[Event "Weekend A Epifania"]
[Site "Torino ITA"]
[Date "2005.01.??"]
[Round "3"]
[White "Nardelli, Marco"]
[Black "Astengo, Marcello"]
[Result "0-1"]
[WhiteElo "2031"]
[BlackElo "2074"]
[PlyCount "136"]
[EventDate "2005.01.05"]

1. c4 e6 2. d4 d5 3. Nc3 c6 4. g3 dxc4 5. Bg2 Nf6 6. e4 Nbd7 7. Nge2 Be7 8. O-O
O-O 9. h3 e5 10. d5 Nc5 11. Be3 Nd3 12. b3 cxd5 13. exd5 Bf5 14. bxc4 Qc8 15.
g4 Bg6 16. Qb3 h5 17. g5 Nd7 18. Ng3 N7c5 19. Qd1 h4 20. Nge4 Nxe4 21. Nxe4
Qxc4 22. Qg4 Qa6 23. Qxh4 Rac8 24. Rfd1 Nb2 25. d6 Bd8 26. Rdc1 Bb6 27. Nf6+
gxf6 28. Bf1 Qa4 29. Qh6 Bxe3 30. fxe3 fxg5 31. Qxg5 Qd7 32. Qxe5 Nd3 33. Bxd3
Bxd3 34. Rd1 Bg6 35. Qg3 Rc2 36. Rd4 Rfc8 37. Rad1 Rc1 38. h4 Rxd1+ 39. Rxd1
Rc4 40. Kh2 Rc2+ 41. Kh1 Kh7 42. Qf3 Rxa2 43. h5 Bf5 44. Rf1 Bg4 45. Qe4+ f5
46. Qe7+ Qxe7 47. dxe7 Bxh5 48. Rxf5 Bg6 49. Rf8 b5 50. Rb8 a6 51. e8=Q Bxe8
52. Rxe8 b4 53. Rb8 a5 54. Rb5 Kg6 55. Kg1 Kf6 56. Kf1 Ke6 57. Ke1 Kd6 58. Kd1
Kc6 59. Rb8 Kd5 60. Kc1 Kc4 61. e4 Kb3 62. Rb5 a4 63. Rh5 Re2 64. Rh4 a3 65.
Kd1 Rg2 66. Rh3+ Kb2 67. Ke1 a2 68. Kf1 Rc2 0-1

[Event "Weekend A Epifania"]
[Site "Torino ITA"]
[Date "2005.01.??"]
[Round "3"]
[White "Sorcinelli, Francesco"]
[Black "Raviola, Giuseppe"]
[Result "0-1"]
[WhiteElo "2080"]
[BlackElo "2097"]
[PlyCount "118"]
[EventDate "2005.01.05"]

1. Nf3 d5 2. c4 e6 3. g3 Nf6 4. Bg2 Be7 5. O-O O-O 6. b3 b6 7. Bb2 Bb7 8. cxd5
exd5 9. e3 c5 10. d4 Nc6 11. Nc3 cxd4 12. Nxd4 Nxd4 13. Qxd4 Bc5 14. Qh4 Qe7
15. Rfd1 Rfd8 16. Ne2 Ne4 17. Qxe7 Bxe7 18. Rac1 Bc5 19. Bd4 Bxd4 20. Nxd4 Rac8
21. Rxc8 Rxc8 22. Nf5 Nc3 23. Ne7+ Kf8 24. Nxc8 Nxd1 25. Nd6 Bc6 26. Nf5 Nc3
27. Nd4 Bb7 28. a4 g6 29. Kf1 Ke7 30. Ke1 a6 31. Kd2 Ne4+ 32. Bxe4 dxe4 33. b4
Kd6 34. Kc3 Kd5 35. Nb3 Bc6 36. a5 bxa5 37. Nxa5 Bb5 38. Nb3 Ke5 39. h4 h5 40.
Nd4 f6 41. Kb3 g5 42. Kc3 gxh4 43. gxh4 Bf1 44. Kb3 Bb5 45. Ka3 Bd7 46. Kb2 Bb5
47. Kb3 Bf1 48. Ka4 Bd3 49. Ka5 Bf1 50. Nb3 Kf5 51. Nc5 Kg4 52. Nxa6 Kxh4 53.
Nc5 f5 54. b5 Bxb5 55. Kxb5 Kg4 56. Ne6 h4 57. Nf4 h3 58. Ne2 h2 59. Ng3 Kf3
0-1

[Event "Weekend A Epifania"]
[Site "Torino ITA"]
[Date "2005.01.??"]
[Round "3"]
[White "Vozza, Nicola"]
[Black "Pulito, Alberto"]
[Result "0-1"]
[WhiteElo "2049"]
[BlackElo "2158"]
[PlyCount "76"]
[EventDate "2005.01.05"]

1. d4 d5 2. c4 e6 3. Nc3 Nf6 4. cxd5 exd5 5. Bg5 c6 6. e3 Be7 7. Qc2 O-O 8. Bd3
Nbd7 9. Nge2 Re8 10. O-O Ne4 11. Bxe7 Qxe7 12. Bxe4 dxe4 13. Ng3 Nf6 14. f3
exf3 15. Rxf3 Bg4 16. Raf1 Bxf3 17. Rxf3 Rad8 18. Nf5 Qe6 19. Ne2 Qe4 20. Qb3
b6 21. Neg3 Qe6 22. Qc3 Rd5 23. Qc2 Rdd8 24. Qc3 Rd7 25. b3 Nd5 26. Qb2 g6 27.
e4 gxf5 28. exd5 Rxd5 29. Qc2 Qe1+ 30. Rf1 Qe3+ 31. Kh1 f4 32. Qxc6 Rg5 33. Rf3
Qe1+ 34. Nf1 Re6 35. Qc8+ Re8 36. Qc6 Rg6 37. Qb5 Qe2 38. Qd7 Qxg2# 0-1

[Event "Weekend A Epifania"]
[Site "Torino ITA"]
[Date "2005.01.??"]
[Round "4"]
[White "Astengo, Marcello"]
[Black "Catana, Costel"]
[Result "1-0"]
[WhiteElo "2074"]
[BlackElo "2076"]
[PlyCount "57"]
[EventDate "2005.01.05"]

1. d4 d5 2. c4 e6 3. Nc3 Nf6 4. Bg5 Be7 5. e3 O-O 6. cxd5 exd5 7. Qc2 c6 8. Bd3
Nbd7 9. Nge2 Re8 10. O-O Nf8 11. f3 h6 12. Bh4 Ne6 13. Rad1 a6 14. Qb3 b5 15.
Bb1 Bb7 16. Qc2 Nf8 17. e4 Rc8 18. e5 N6d7 19. Bxe7 Qxe7 20. Ng3 g6 21. Qd2 Kh7
22. f4 c5 23. dxc5 Qxc5+ 24. Kh1 Nb6 25. f5 Nc4 26. fxg6+ fxg6 27. Rf7+ Kg8 28.
Qf4 Ba8 29. Qf6 1-0

[Event "Weekend A Epifania"]
[Site "Torino ITA"]
[Date "2005.01.??"]
[Round "4"]
[White "Fassio, Luca"]
[Black "Venturino, Marco"]
[Result "1/2-1/2"]
[WhiteElo "2077"]
[BlackElo "2174"]
[PlyCount "122"]
[EventDate "2005.01.05"]

1. e4 c5 2. c3 Nf6 3. e5 Nd5 4. d4 cxd4 5. cxd4 e6 6. Nc3 Nxc3 7. bxc3 Qc7 8.
Bd2 b6 9. Nf3 Bb7 10. Bd3 d6 11. O-O Nd7 12. Re1 dxe5 13. dxe5 Be7 14. Qe2 O-O
15. Nd4 Rfd8 16. f4 Bc5 17. Kh1 Nf8 18. Be3 Bxd4 19. cxd4 Ng6 20. Qg4 Qe7 21.
Bf2 Qa3 22. Qg3 Rac8 23. Rad1 Rc3 24. Qg5 Qe7 25. Qg4 h5 26. Qg3 Ba6 27. Re3
Rxd4 28. Be2 Rxd1+ 29. Bxd1 Rc1 30. Re1 Qb4 31. Bxh5 Rxe1+ 32. Bxe1 Qxf4 33.
Qxf4 Nxf4 34. Bf3 Bc4 35. a3 Bd5 36. Bg3 Nd3 37. Be2 Nc5 38. Kg1 g5 39. Bf2 Kg7
40. Bb5 Kg6 41. Be8 Kf5 42. Bd4 Nd3 43. Bxf7 Nxe5 44. Bg8 Ke4 45. Bc3 Nc4 46.
Kf2 Kd3 47. Bf6 Nd2 48. Bh7+ Be4 49. Bg8 Bf5 50. Bd8 e5 51. Bd5 g4 52. Bc7 e4
53. Bb8 e3+ 54. Ke1 a6 55. Bb7 a5 56. Bc7 Nc4 57. Ba6 Kc3 58. Bxc4 Kxc4 59.
Bxb6 Kb3 60. Bxa5 Kxa3 61. Ke2 Be4 1/2-1/2

[Event "Weekend A Epifania"]
[Site "Torino ITA"]
[Date "2005.01.??"]
[Round "4"]
[White "Pulito, Alberto"]
[Black "Raviola, Giuseppe"]
[Result "1-0"]
[WhiteElo "2158"]
[BlackElo "2097"]
[PlyCount "71"]
[EventDate "2005.01.05"]

1. e4 c5 2. Nc3 Nc6 3. f4 d6 4. Nf3 e6 5. Bc4 Nf6 6. O-O Be7 7. d3 O-O 8. Bb3
a6 9. a4 d5 10. e5 Nd7 11. Qe1 Qc7 12. Kh1 Rb8 13. a5 Kh8 14. Qg3 h6 15. f5
Ndxe5 16. Bf4 Bd6 17. f6 gxf6 18. Qh4 Ng6 19. Qxf6+ Kh7 20. Nxd5 Qd8 21. Qxd8
Rxd8 22. Nf6+ Kg7 23. Bxd6 Kxf6 24. Bxb8 Nxb8 25. Nd2+ Kg7 26. Ne4 Nc6 27. Nxc5
Nxa5 28. Nxe6+ fxe6 29. Rxa5 b6 30. Ra4 Bb7 31. Bxe6 Re8 32. Rf7+ Kh8 33. Rxb7
Rxe6 34. Re4 Rf6 35. Kg1 a5 36. g3 1-0

[Event "Weekend A Epifania"]
[Site "Torino ITA"]
[Date "2005.01.??"]
[Round "4"]
[White "Ranieri, Fabrizio"]
[Black "Nardelli, Marco"]
[Result "0-1"]
[WhiteElo "2211"]
[BlackElo "2031"]
[PlyCount "124"]
[EventDate "2005.01.05"]

1. e4 c5 2. Nf3 Nc6 3. d4 cxd4 4. Nxd4 Qc7 5. Nc3 e6 6. Be2 a6 7. O-O Nf6 8.
Be3 Bb4 9. Na4 Be7 10. Nxc6 bxc6 11. Nb6 Rb8 12. Nxc8 Qxc8 13. e5 Nd5 14. Bc1
Bc5 15. c4 Ne7 16. b3 Qc7 17. Bb2 Ng6 18. Bd3 Nxe5 19. Bc2 h5 20. Qe2 Ng4 21.
g3 Nf6 22. Kg2 h4 23. Rad1 Be7 24. Rd2 Qa5 25. Rfd1 Rd8 26. Bb1 hxg3 27. hxg3
Qh5 28. Qxh5 Rxh5 29. Bc3 d5 30. f3 Kd7 31. g4 Rh4 32. Rh1 Rxh1 33. Kxh1 Rh8+
34. Kg2 Bd6 35. Kg1 Rh3 36. Kg2 Rg3+ 37. Kf2 Nxg4+ 38. Ke2 Rg2+ 39. Kd3 dxc4+
40. bxc4 Ne5+ 41. Bxe5 Rxd2+ 42. Kxd2 Bxe5 43. Bc2 f5 44. Ba4 Kd6 45. Ke3 g5
46. Bd1 Kc5 47. Ba4 Bd4+ 48. Kd3 e5 49. Ke2 Kd6 50. Kd3 c5 51. Bd1 Ke6 52. Ba4
g4 53. fxg4 e4+ 54. Ke2 fxg4 55. Bc6 Ke5 56. Bd7 Kf4 57. a4 a5 58. Be6 g3 59.
Bh3 Bf2 60. Bg2 Ke5 61. Kd2 Kd4 62. Kc2 e3 0-1

[Event "Weekend A Epifania"]
[Site "Torino ITA"]
[Date "2005.01.??"]
[Round "5"]
[White "Astengo, Marcello"]
[Black "Pulito, Alberto"]
[Result "1-0"]
[WhiteElo "2074"]
[BlackElo "2158"]
[PlyCount "43"]
[EventDate "2005.01.05"]

1. d4 d5 2. c4 c6 3. Nc3 Nf6 4. cxd5 cxd5 5. Bf4 Nc6 6. e3 Qb6 7. Bd3 a6 8. Nf3
Qxb2 9. Na4 Qb4+ 10. Nd2 Qa5 11. Rb1 Nb4 12. Bc2 Nxc2+ 13. Qxc2 Bf5 14. Qxf5
Ne4 15. O-O e6 16. Qe5 Nxd2 17. Rxb7 Nxf1 18. Nb6 Nxe3 19. Rb8+ Rxb8 20. Qxb8+
Ke7 21. Qc7+ Kf6 22. Nd7+ 1-0

[Event "Weekend A Epifania"]
[Site "Torino ITA"]
[Date "2005.01.??"]
[Round "5"]
[White "Diana, Riccardo"]
[Black "Bertagia, Roldano"]
[Result "1-0"]
[WhiteElo "2102"]
[BlackElo "1975"]
[PlyCount "105"]
[EventDate "2005.01.05"]

1. c4 e5 2. Nc3 Nf6 3. g3 g6 4. Bg2 Bg7 5. Nf3 Nc6 6. O-O O-O 7. d3 d6 8. Rb1
a5 9. a3 d5 10. cxd5 Nxd5 11. Nxd5 Qxd5 12. Be3 Qb5 13. Ng5 h6 14. Ne4 Be6 15.
Qd2 Kh7 16. Rfc1 Rad8 17. Nc5 Nd4 18. Bxd4 Rxd4 19. Nxe6 fxe6 20. Rxc7 e4 21.
Bxe4 Rxe4 22. dxe4 Qb6 23. Qc3 Qxf2+ 24. Kh1 Rf7 25. Rxf7 Qxf7 26. Qf3 Qc7 27.
b3 b5 28. a4 Qb7 29. Qd3 bxa4 30. bxa4 Qc6 31. Rb5 Qc7 32. Kg2 Bc3 33. Qb1 Bg7
34. Qb3 Qc6 35. Kf3 Qc1 36. Kg2 Qc6 37. Qf3 Qc7 38. e5 h5 39. Qe4 Kh6 40. h4
Qc3 41. Kf2 Kh7 42. Rb7 Qc5+ 43. Kg2 Qc3 44. Rb6 Bxe5 45. Rb7+ Kh6 46. Qf3 Qd4
47. Qf8+ Bg7 48. Qf4+ Qxf4 49. gxf4 e5 50. Rb5 exf4 51. Rxa5 Bf6 52. Kh3 Kg7
53. Rb5 1-0

[Event "Weekend A Epifania"]
[Site "Torino ITA"]
[Date "2005.01.??"]
[Round "5"]
[White "Faraoni, Enrico"]
[Black "Catana, Costel"]
[Result "1-0"]
[WhiteElo "2134"]
[BlackElo "2076"]
[PlyCount "63"]
[EventDate "2005.01.05"]

1. e4 c5 2. Nf3 d6 3. d4 cxd4 4. Nxd4 Nf6 5. Nc3 g6 6. f4 Bg7 7. e5 Nfd7 8. e6
fxe6 9. Nxe6 Bxc3+ 10. bxc3 Qa5 11. Bb5 Nc6 12. O-O Nf6 13. f5 Bxe6 14. Bxc6+
bxc6 15. fxe6 O-O 16. Bh6 Qc5+ 17. Kh1 Rfb8 18. Qf3 Rb2 19. g4 Rxc2 20. g5 Qe5
21. Rf2 Rxc3 22. gxf6 Rxf3 23. f7+ Kh8 24. Rxf3 Qxa1+ 25. Kg2 Qb2+ 26. Kh3 Qg7
27. f8=Q+ Rxf8 28. Rxf8+ Qg8 29. Kg4 c5 30. Kf4 d5 31. Ke5 d4 32. Ke4 1-0

[Event "Weekend A Epifania"]
[Site "Torino ITA"]
[Date "2005.01.??"]
[Round "5"]
[White "Raviola, Giuseppe"]
[Black "Fassio, Luca"]
[Result "0-1"]
[WhiteElo "2097"]
[BlackElo "2077"]
[PlyCount "84"]
[EventDate "2005.01.05"]

1. e4 d6 2. d4 g6 3. c4 Bg7 4. Nf3 Nf6 5. Nc3 O-O 6. Be2 c5 7. d5 e6 8. O-O
exd5 9. exd5 Bg4 10. h3 Bxf3 11. Bxf3 Re8 12. Bf4 Na6 13. Nb5 Bf8 14. a3 Nc7
15. Nxc7 Qxc7 16. Qa4 Bg7 17. Rac1 Nd7 18. Rfe1 Be5 19. Bxe5 Rxe5 20. Rxe5 Nxe5
21. Be2 Qd7 22. Bd1 Qf5 23. Bc2 Qf4 24. Re1 Qxc4 25. Qxc4 Nxc4 26. Re7 Rb8 27.
Rd7 Nxb2 28. a4 Kf8 29. a5 Nc4 30. a6 Nb6 31. Rxb7 Rxb7 32. axb7 Nd7 33. Kf1
Ke7 34. Ke2 Kd8 35. Kd3 Kc7 36. Ba4 Nb8 37. Bc6 Nxc6 38. dxc6 d5 39. Kc3 a5 40.
Kb3 d4 41. Kc4 a4 42. Kb5 a3 0-1

[Event "Weekend A Epifania"]
[Site "Torino ITA"]
[Date "2005.01.??"]
[Round "5"]
[White "Sorcinelli, Francesco"]
[Black "Nardelli, Marco"]
[Result "1/2-1/2"]
[WhiteElo "2080"]
[BlackElo "2031"]
[PlyCount "153"]
[EventDate "2005.01.05"]

1. e4 c5 2. Nc3 Nc6 3. Nge2 e6 4. d4 cxd4 5. Nxd4 Qc7 6. Be3 a6 7. Qd2 Nf6 8.
f3 Bb4 9. O-O-O Ne5 10. Kb1 Nc4 11. Bxc4 Qxc4 12. Nde2 b5 13. Bd4 Be7 14. e5
Nd5 15. Nxd5 Qxd5 16. Nc3 Qc6 17. Ne4 Bb7 18. Qf4 Rc8 19. Rd2 Qc4 20. b3 Qb4
21. a3 Qa5 22. Nd6+ Bxd6 23. exd6 f6 24. Bb2 O-O 25. h4 Bd5 26. Rhd1 Qb6 27.
Qg3 a5 28. h5 h6 29. Rd4 Rf7 30. Rg4 Qc5 31. Rd2 e5 32. f4 Be6 33. Rh4 a4 34.
fxe5 axb3 35. cxb3 fxe5 36. Rh1 Re8 37. Rc1 Qb6 38. Ka1 e4 39. Bd4 Qa5 40. b4
Qa8 41. Rf2 Qd5 42. Rd2 Qg5 43. Qxg5 hxg5 44. Rc5 Bc4 45. Be3 Rf1+ 46. Kb2 Bd3
47. Kc3 Ra8 48. Rxg5 Rxa3+ 49. Kd4 Rf6 50. Rg6 Kf7 51. Rxf6+ Kxf6 52. Kd5 Kf5
53. Rf2+ Kg4 54. Ke5 Bc4 55. Kxe4 Kxh5 56. Rf5+ Kg6 57. Rg5+ Kf6 58. Rg3 Ra2
59. Bd4+ Ke6 60. Rg6+ Kf7 61. Rxg7+ Ke8 62. g4 Rg2 63. Bf6 Be6 64. Re7+ Kf8 65.
Rxe6 Re2+ 66. Kd5 Rxe6 67. Be7+ Kf7 68. g5 Kg6 69. Kc5 Re5+ 70. Kb6 Kf5 71. Kc7
Ke6 72. g6 Re4 73. g7 Rg4 74. Bf8 Rg5 75. Kb6 Kf7 76. Kc7 Ke8 77. Kb6 1/2-1/2

[Event "Weekend A Epifania"]
[Site "Torino ITA"]
[Date "2005.01.??"]
[Round "5"]
[White "Venturino, Marco"]
[Black "Giacometto, Mario"]
[Result "1/2-1/2"]
[WhiteElo "2174"]
[BlackElo "1999"]
[PlyCount "135"]
[EventDate "2005.01.05"]

1. c4 g6 2. Nc3 Bg7 3. d4 d6 4. e4 Nf6 5. Nge2 O-O 6. Ng3 e5 7. d5 Ne8 8. h4 h6
9. Bd3 c5 10. Bd2 Kh7 11. h5 g5 12. Nf5 Bf6 13. Qe2 Bxf5 14. exf5 Qd7 15. O-O
Kg7 16. g3 Bd8 17. Nd1 f6 18. Ne3 a6 19. a4 Bb6 20. Ng4 Qd8 21. a5 Ba7 22. Qe4
Rh8 23. f4 Nd7 24. Kg2 Kf7 25. Rh1 b5 26. axb6 Qxb6 27. Bc3 Bb8 28. fxg5 hxg5
29. h6 Rh7 30. Nf2 Ra7 31. Qg4 Ke7 32. Ne4 Qb7 33. Raf1 Kd8 34. Qh5 Nf8 35.
Nxg5 fxg5 36. Qxg5+ Qe7 37. f6 Qf7 38. Be2 Qg6 39. Qxg6 Nxg6 40. Ba5+ Bc7 41.
Bxc7+ Raxc7 42. Bd3 Nf8 43. Bxh7 Rxh7 44. g4 Nc7 45. g5 Ke8 46. Kg3 Ng6 47. f7+
Rxf7 48. h7 Nh8 49. Kg4 Kf8 50. Kg3 Kg7 51. Kg4 Rxf1 52. Rxf1 Kxh7 53. Rf6 Kg7
54. Rxd6 Nf7 55. Rd7 Ne8 56. Kf5 Ned6+ 57. Ke6 e4 58. Ra7 e3 59. Rxa6 Nxc4 60.
b3 e2 61. Ra1 Nxg5+ 62. Ke7 Nb6 63. d6 Nf3 64. d7 Nxd7 65. Kxd7 e1=Q 66. Rxe1
Nxe1 67. Kc6 Nd3 68. Kd5 1/2-1/2

[Event "Weekend A Epifania"]
[Site "Torino ITA"]
[Date "2005.01.??"]
[Round "6"]
[White "Catana, Costel"]
[Black "Martin, Tiziano"]
[Result "1/2-1/2"]
[WhiteElo "2076"]
[BlackElo "1964"]
[PlyCount "96"]
[EventDate "2005.01.05"]

1. e4 e5 2. Nf3 d6 3. Bc4 Be7 4. d4 exd4 5. Qxd4 Nf6 6. Nc3 Nc6 7. Qe3 O-O 8.
Bd2 a6 9. Nd5 Nxd5 10. exd5 Bf6 11. dxc6 Re8 12. cxb7 Rxe3+ 13. fxe3 Bxb7 14.
O-O d5 15. Bd3 c5 16. Rf2 Rb8 17. Rb1 Bc8 18. b3 c4 19. Bf1 Qb6 20. Re1 c3 21.
Bc1 Bf5 22. Kh1 Be4 23. h3 g6 24. Rd1 Qe6 25. Kg1 Bxf3 26. Rxf3 Bg7 27. Bd3 f5
28. Re1 Qc6 29. a4 Re8 30. Ba3 Qb6 31. Bc1 Bh6 32. Kf1 d4 33. Bc4+ Kh8 34. Ke2
dxe3 35. Kd3 Rd8+ 36. Ke2 f4 37. Ref1 a5 38. h4 Qc7 39. Rg1 Qe7 40. g3 fxg3 41.
Rgxg3 Rd2+ 42. Ke1 Qxh4 43. Bxd2 cxd2+ 44. Kd1 Qh1+ 45. Rf1 Qh4 46. Rgf3 Qh5
47. Ke2 Qh2+ 48. Kd1 Qe5 1/2-1/2

[Event "Weekend A Epifania"]
[Site "Torino ITA"]
[Date "2005.01.??"]
[Round "6"]
[White "Fassio, Luca"]
[Black "Astengo, Marcello"]
[Result "0-1"]
[WhiteElo "2077"]
[BlackElo "2074"]
[PlyCount "60"]
[EventDate "2005.01.05"]

1. e4 e6 2. d4 d5 3. Nd2 Nf6 4. e5 Ng8 5. Bd3 c5 6. c3 Nc6 7. Ne2 Bd7 8. O-O
Rc8 9. Nf3 Qb6 10. Re1 cxd4 11. cxd4 Bb4 12. Bd2 Nge7 13. Bc3 Na5 14. Rc1 O-O
15. Ng5 h6 16. Nh3 Nc4 17. Bxc4 Rxc4 18. Nhf4 Nf5 19. Nd3 Be7 20. Qd2 Bb5 21.
g4 Nh4 22. Qe3 Rfc8 23. Ng3 Qa6 24. Nh5 Rxc3 25. bxc3 Bxd3 26. f4 Be4 27. Re2
Qc4 28. Rd2 Nf3+ 29. Kf2 Nxd2 30. Qxd2 Ba3 0-1

[Event "Weekend A Epifania"]
[Site "Torino ITA"]
[Date "2005.01.??"]
[Round "6"]
[White "Nardelli, Marco"]
[Black "Giacometto, Mario"]
[Result "1-0"]
[WhiteElo "2031"]
[BlackElo "1999"]
[PlyCount "77"]
[EventDate "2005.01.05"]

1. e4 Nf6 2. e5 Nd5 3. d4 d6 4. Nf3 dxe5 5. Nxe5 Nd7 6. Nf3 c6 7. c4 N5f6 8.
Bd3 g6 9. O-O Bg7 10. Nc3 O-O 11. Qe2 Nb6 12. h3 Qc7 13. Bg5 Re8 14. Rac1 Nh5
15. Qe3 Bf6 16. Bxf6 Nxf6 17. Qh6 Nbd7 18. Rfe1 Nf8 19. Ne4 Nxe4 20. Bxe4 Qa5
21. a3 Bf5 22. b4 Qxa3 23. Bxf5 gxf5 24. Qg5+ Kh8 25. Ne5 Ng6 26. Nxf7+ Kg7 27.
Nh6 e6 28. h4 Qxb4 29. h5 Qd6 30. hxg6 hxg6 31. d5 Qd8 32. Qf4 e5 33. Rxe5 Rxe5
34. Qxe5+ Kxh6 35. Rc3 Qe8 36. Rh3+ Kg5 37. f4+ Kg4 38. Qc3 Kxf4 39. Qg3+ 1-0

[Event "Weekend A Epifania"]
[Site "Torino ITA"]
[Date "2005.01.??"]
[Round "6"]
[White "Pulito, Alberto"]
[Black "Faraoni, Enrico"]
[Result "1-0"]
[WhiteElo "2158"]
[BlackElo "2134"]
[PlyCount "78"]
[EventDate "2005.01.05"]

1. e4 e5 2. Nf3 f5 3. Nxe5 Qf6 4. d4 fxe4 5. Nc3 Bb4 6. Qg4 Ne7 7. Qxe4 Nbc6 8.
Bb5 a6 9. Bxc6 dxc6 10. a3 Bf5 11. Qf3 Ba5 12. O-O Bxc2 13. Qe2 Bf5 14. Ne4
Bxe4 15. Qxe4 O-O 16. Nd7 Qf5 17. Qxe7 Rae8 18. Qh4 Qxd7 19. Be3 Bb6 20. Rad1
Qd5 21. Qg3 Re6 22. Kh1 Rg6 23. Qh3 Qf5 24. Qh4 Rg4 25. Qh3 Rg6 26. Qh4 Rg4 27.
Qh3 Re4 28. Qg3 h5 29. f4 g5 30. h3 h4 31. Qf3 gxf4 32. Bf2 Rfe8 33. Bxh4 Bxd4
34. Qb3+ Qd5 35. Qf3 Qf5 36. Qb3+ Kh7 37. Qxb7 Re3 38. Qxc7+ R8e7 39. Qxf4
Rxh3+ 1-0

[Event "Weekend A Epifania"]
[Site "Torino ITA"]
[Date "2005.01.??"]
[Round "6"]
[White "Ranieri, Fabrizio"]
[Black "Trotto, Pierangelo"]
[Result "1-0"]
[WhiteElo "2211"]
[BlackElo "1903"]
[PlyCount "135"]
[EventDate "2005.01.05"]

1. e4 c5 2. Nf3 d6 3. d4 cxd4 4. Nxd4 Nf6 5. Nc3 a6 6. f4 Qc7 7. a4 e5 8. Nf3
Be6 9. Bd3 Nbd7 10. O-O Be7 11. Qe2 Rc8 12. Kh1 O-O 13. f5 Bc4 14. g4 d5 15. g5
Nxe4 16. Nxe4 dxe4 17. Qxe4 Bxd3 18. cxd3 Rfe8 19. f6 Bf8 20. fxg7 Bxg7 21. Be3
Nc5 22. Bxc5 Qxc5 23. Qxb7 Rb8 24. Qxa6 Rxb2 25. Rac1 Qe3 26. Rce1 Re2 27. Qc6
Rd8 28. Qc7 Rxd3 29. Rxe2 Qxe2 30. Nd2 Qh5 31. Ne4 Qg6 32. Qb8+ Bf8 33. Nf6+
Kg7 34. Qxe5 Bd6 35. Qe8 Bf8 36. Qe5 Bd6 37. Ne8+ Kg8 38. Nxd6 Rxd6 39. Qf5
Qxf5 40. Rxf5 Rd2 41. Ra5 Ra2 42. Ra6 Kg7 43. a5 Kg8 44. Ra8+ Kg7 45. Ra6 Kg8
46. Kg1 Kg7 47. h3 Kg8 48. h4 Ra4 49. h5 Rg4+ 50. Kf2 Rxg5 51. h6 Kf8 52. Ra8+
Ke7 53. a6 Ra5 54. a7 Kf6 55. Ke3 Kf5 56. Kd4 Kf4 57. Kc4 f5 58. Kb4 Ra1 59.
Kc5 Kf3 60. Kd6 f4 61. Ke5 Ra5+ 62. Kf6 Kf2 63. Kg7 f3 64. Kxh7 Ra4 65. Kh8 Kf1
66. Rf8 Rxa7 67. Rxf3+ Kg2 68. Rf6 1-0